Podíl nedostatků v organizaci a řízení provozu na mankách a škodách v obchodním domě podniku PRIOR, Jihočeské obchodní domy České Budějovice záverečná práca postgraduálneho štúdia

Gespeichert in:
Bibliographische Detailangaben
1. Verfasser: Stará, Marie
Körperschaft: Vysoká škola ekonomická v Bratislave
Weitere Verfasser: Richterová, Kornélia
Format: Buch
Sprache:Tschechisch
Veröffentlicht: Bratislava 1987
Tags: Tag hinzufügen
Keine Tags, Fügen Sie das erste Tag hinzu!

MARC

LEADER 00000nam a2200000 4500
001 c024440
005 20230116121601.7
041 0 |a cze 
044 |a SK 
245 1 0 |a Podíl nedostatků v organizaci a řízení provozu na mankách a škodách v obchodním domě podniku PRIOR, Jihočeské obchodní domy České Budějovice  |b záverečná práca postgraduálneho štúdia  |c Marie Stará ; Ved. práce Kornélia Richterová 
264 1 |a Bratislava  |c 1987 
300 |a 46 s. 
100 1 |a Stará, Marie 
700 1 |a Richterová, Kornélia 
710 2 |a Vysoká škola ekonomická v Bratislave